Developing growth mindsets : principles and practices for maximizing students' potential /

Bibliographic Details
Main Authors: Wilson, Donna (Psychologist) (Author), Conyers, Marcus (Author)
Corporate Author: EBSCOhost
Format: eBook
Language:English
Published: Alexandria, Virginia USA : ASCD, [2020]
Subjects:
Online Access:Connect to the full text of this electronic book

MARC

Tag First Indicator Second Indicator Subfields
LEADER 00000nam a2200000 i 4500
001 in00004766310
003 OCoLC
005 20230330055350.7
006 m o d
007 cr cnu---unuuu
008 200113s2020 vaua ob 001 0 eng
010 |a  2019051647 
024 8 |a 99995435235 
040 |a DLC  |b eng  |e rda  |c DLC  |d OCLCF  |d OCLCO  |d OCLCQ  |d YDX  |d N$T  |d YDX  |d COO  |d EBLCP  |d GGVRL  |d TEFOD  |d K6U  |d OCLCO  |d OCLCQ 
019 |a 1156014233  |a 1165398266 
020 |a 1416629165  |q electronic book 
020 |a 9781416629160  |q electronic book 
020 |a 1416629149 
020 |a 9781416629146 
020 |a 9781416629177  |q (electronic bk.) 
020 |a 1416629173  |q (electronic bk.) 
035 |a (OCoLC)1140353707  |z (OCoLC)1156014233  |z (OCoLC)1165398266 
037 |a 6206905  |b Proquest Ebook Central 
037 |a 797D8A8D-90C1-4A1E-B264-28EFF6D28D16  |b OverDrive, Inc.  |n http://www.overdrive.com 
042 |a pcc 
050 4 |a LB1060  |b .W5526 2020 
082 0 0 |a 370.15/23  |2 23 
100 1 |a Wilson, Donna  |c (Psychologist),  |e author. 
245 1 0 |a Developing growth mindsets :  |b principles and practices for maximizing students' potential /  |c Donna Wilson, Marcus Conyers. 
264 1 |a Alexandria, Virginia USA :  |b ASCD,  |c [2020] 
300 |a 1 online resource ( x, 165 pages) :  |b illustrations. 
336 |a text  |b txt  |2 rdacontent 
337 |a computer  |b c  |2 rdamedia 
338 |a online resource  |b cr  |2 rdacarrier 
504 |a Includes bibliographical references and index. 
505 0 |a Growth and fixed mindsets in education -- Growing neural networks -- Supporting positive engagement and energized learning -- Motivating growth mindsets through goals and feedback -- Teaching strategies that sustain growth mindsets. 
588 |a Description based on online resource; title from digital title page (viewed on June 02, 2020). 
650 0 |a Learning, Psychology of. 
650 0 |a Learning  |x Physiological aspects. 
650 0 |a Achievement motivation. 
650 6 |a Psychologie de l'apprentissage. 
650 6 |a Apprentissage  |x Aspect physiologique. 
650 6 |a Motivation d'accomplissement. 
650 7 |a Achievement motivation.  |2 fast  |0 (OCoLC)fst00795656 
650 7 |a Learning  |x Physiological aspects.  |2 fast  |0 (OCoLC)fst00994839 
650 7 |a Learning, Psychology of.  |2 fast  |0 (OCoLC)fst00995009 
655 7 |a Electronic books.  |2 local 
700 1 |a Conyers, Marcus,  |e author. 
710 2 |a EBSCOhost 
776 1 8 |i Print version:  |a Wilson, Donna (Psychologist).  |t Developing growth mindsets  |d Alexandria, Virginia : ASCD, [2020]  |z 9781416629146  |w (DLC) 2019051646 
856 4 0 |u http://proxy.library.tamu.edu/login?url=https://search.ebscohost.com/login.aspx?direct=true&scope=site&db=nlebk&db=nlabk&AN=2395956  |z Connect to the full text of this electronic book  |t 0 
945 |b 942893 
955 |a YBP purchased EBSCO DDA e-records 
980 |b ebook  |c 99995435235  |f DDA  |g 565702  |k USD  |m 24.63  |q 1  |s AcqMono Conventional  |t Demand driven acquisitions (DDA)  |u Vendor order reference number  |v ZYBP  |y PDA  |z Electronic resource 
999 f f |i 08823d72-96b6-4435-bb5f-b0b854a8f8b5  |s 96fdc03e-854b-4587-991a-1697621b9ed9  |t 0 
952 f f |a Texas A&M University  |b College Station  |c Electronic Resources  |s www_evans  |d Available Online  |t 0  |e LB1060 .W5526 2020  |h Library of Congress classification